000 00492nam a22001697a 4500
005 20231030123431.0
008 231030b |||||||| |||| 00| 0 eng d
020 _a9789994560554
041 _aEnglish
082 _a347.6 NAM
100 _aNamandje, S
_lEnglish
245 _aThe Law on Hearsay Evidence in Namibia /
_cS Namandje
260 _aWindhoek :
_bPPC Press,
_c2016
300 _bv, 44 pages ;
_c24 cm.
650 _alegal practice
_bLaw
942 _cBK
_6ALISON_BN_VRIES
999 _c145
_d145